=LDR 00000nam 2200000 4500 =001 INLIS000000000029852 =005 20130612132041 =008 ***********************************Ind** =035 ##$$0010-061300000029852 =041 ##$$a Ind =082 ##$$a 580 =090 ##$$a 580, Bah f =100 ##$$a Baharudin S =245 ##$$a Flora dan fauna nusantara, Lambang Setiap Propinsi di Indonesia, Baharudin S; Zamzami =260 ##$$a 1995 $b Jakarta =300 ##$$a vi, 60 hlm, ilus, 30 cm =650 ##$$a Flora dan Fauna =850 ##$$a NBPNMAT